Footballeurs par image - Espagne - Statistiques

Statistiques générales
  • Ce quiz a été pris 319 fois
  • Le résultat moyen est 12 sur 16
Statistiques - réponses
Par images Réponse % Correct
Lamine Yamal
99%
Andrés Iniesta
97%
Sergio Ramos
96%
Xavi
96%
Gerard Piqué
94%
Carles Puyol
92%
Pedri
90%
Iker Casillas
88%
Nico Williams
88%
Fernando Torres
81%
Fabien Ruiz
78%
David Villa
76%
Carlos Soler
60%
Alfredo Di Stefano
51%
Fernando Morientes
21%
Gaizka Mendieta
7%
Aucun quiz correspondant
Distribution des résultats
% des personnes avec chaque résultat
Percentile par nombre de réponses
Votre historique - résultats
Vous n’avez pas pris ce quiz